000 01219nam0a22002891 4500
001 rc\2727527
005 20250810043037.0
035 _a(NLR Aleph) 006854962
090 _a6787001
_c6787001
100 _a20110915d1943 u y0rusy50 ca
101 0 _arus
102 _aRU
105 _aa z |||||
200 1 _aСбор, сушка и заготовка лекарственного растительного сырья
_fПроф. С. С. Станков
_gС рис. Л. Ф. Черепановой
_gГорьк. обл. отд-ние Гл. аптеч. упр. Наркомздрава РСФСР
205 _a2-е изд., испр. и доп. / с рис. Л. Ф. Черепановой
210 _aГорький
_cБ. и.
_d1943
215 _a136 с.
_cил.
_d19 см.
320 _aБиблиогр.: стр. 126-9
320 _aУказатель рус. и латин. названий, стр. 130-5
700 1 _aСтанков
_bС.С.
_f1892-1962
_gСергей Сергеевич
801 0 _aRU
_bNLR
_gpsbo
801 1 _aRU
_bELAR
_2rusmarc
852 _aNLR
_jБт02 Г-3/9
942 _cBOOK
945 _aРоссийская национальная библиотека
980 _aNB
980 _aBV